ბათუმის შოთა რუსთაველის სახელმწიფო უნივერსიტეტის ბიბლიოთეკა

ბუღალტრული ტერმინების მოკლე ინგლისურ–ქართული ლექსიკონი = English-Georgian Short Dictionary of Accounting Terms / (ბიბ.ჩანაწერი № 38507)

000 -ლიდერი
ფიქსირებული სიგრძის საკონტროლო ველი 01145nam a2200217Ia 4500
001 - საკონტროლო ნომერი
საკონტროლო ველი 4608
003 - საკონტროლო ნომრის იდენტიფიკატორი
საკონტროლო ველი GE_BSU
005 - ბოლო ოპერაციის თარიღი და დრო
საკონტროლო ველი 20190510201750.0
008 - ფიქსირებული სიგრძის მონაცემთა ელემენტები - ზოგადი ინფორმაცია
ფიქსირებული სიგრძის საკონტროლო ველი 181216s2005||||ge |||||||||||||| ||geo||
040 ## - კატალოგიზაციის წყარო
Transcribing agency GE_BSU
041 ## - ენის კოდი
Language code of text/sound track or separate title geo
080 ## - უნივერსალური ათობითი კლასიფიკაციის ინდექსი
Universal Decimal Classification number 657(038) + 81'374.26=111=353.1 ი–29
100 ## - მთავარი ჩანაწერი - პიროვნების სახელი
Personal name იაშვილი, ნინო
9 (RLIN) 1031
245 ## - ცნობა სათაურის შესახებ
Title ბუღალტრული ტერმინების მოკლე ინგლისურ–ქართული ლექსიკონი = English-Georgian Short Dictionary of Accounting Terms /
Statement of responsibility, etc ნინო იაშვილი , ეკა მაღალაშვილი , რედ : ზაურ ნაჭყებია
264 ## - წარმოების, გამოცემის, დისტრიბუციის და სხვა ცნობები
გამოცემის, წარმოების, დისტრიბუციის... ადგილი თბილისი.:
გამოცემის, წარმოების, დისტრიბუციის... სახელწოდება ინოვაცია,
გამოცემის, წარმოების, დისტრიბუციის... თარიღი 2005.
300 ## - ფიზიკური აღწერა
Extent 152გვ . ;
Dimensions 14 სმ.
653 ## - INDEX TERM--UNCONTROLLED
Uncontrolled term ბუღალტრული ტერმინების ინგლისურ-ქართული ლექსიკონი
700 ## - ADDED ENTRY--PERSONAL NAME
Personal name მაღალაშვილი, ეკა
9 (RLIN) 1032
700 ## - ADDED ENTRY--PERSONAL NAME
Personal name ნაჭყებია, ზაურ
Relator term რედაქტორი
9 (RLIN) 1033
942 ## - ADDED ENTRY ELEMENTS (KOHA)
Koha item type წიგნი
Source of classification or shelving scheme
ეგზემპლარები
ჩამოწერის სტატუსი დაკარგული ეგზემპლარის სტატუსი კლასიფიკაციის წყარო ან თაროზე გაწყობის სქემა დაზიანების სტატუსი არ გაიცემა მუდმივი მდებარეობა (დაცვის ადგილი) ამჟამინდელი ადგილსამყოფელი თაროზე განთავსების ადგილი შეძენის თარიღი ღირებულება, შესყიდვის ნორმალური ფასი სრული შენახვის შიფრი შტრიხკოდი ბოლო ოპერაციის თარიღი ეგზემპლარის მიმდევრობითი ნომერი (კეტერი?) ფასის ძალაში შესვლის თარიღი ეგზემპლარის სახეობა საჯარო შენიშვნა
          ტექნოლოგიური ფაკულტეტის ბიბლიოთეკა ტექნოლოგიური ფაკულტეტის ბიბლიოთეკა წიგნსაცავი 2018-12-17 3.00 657(038) + 81'374.26=111=353.1 ი–29 8365 2018-12-17 8365 2018-12-17 წიგნი 3 ლ.50თ.
          ტექნოლოგიური ფაკულტეტის ბიბლიოთეკა ტექნოლოგიური ფაკულტეტის ბიბლიოთეკა წიგნსაცავი 2018-12-17 3.00 657(038) + 81'374.26=111=353.1 ი–29 8366 2018-12-17 8366 2018-12-17 წიგნი 3 ლ.50თ.